Portuguese Verbs - Statistics

General Stats
  • This quiz has been taken 328 times
  • The average score is 24 of 27
Answer Stats
Português English % Correct
dançar dance
100%
dormir sleep
98%
beber drink
97%
comer eat
97%
viver live
95%
escrever write
95%
ler read
94%
trabalhar work
94%
jogar play
93%
querer want
93%
ir go
92%
saber know
92%
ser be
91%
fumar smoke
90%
falar talk
90%
fazer do
89%
viajar travel
88%
dizer say
87%
sentir feel
86%
dar give
85%
poder can
83%
ter have
81%
ouvir listen
78%
sair exit
74%
voar fly
71%
acabar finish
67%
conduzir drive
66%
No matching quizzes found
Score Distribution
Percent of People with Each Score
Percentile by Number Answered
Your Score History
You have not taken this quiz